Maletín de relatos pacíficos (Registro nro. 9395)

Detalles MARC
000 -CABECERA
Longitud fija campo de control 04060cam a2200829 a 4500
003 - IDENTIFICADOR DEL NUMERO DE CONTROL
Identificador del número de control CO-ViMGA
005 - FECHA Y HORA DE LA ULTIMA TRANSACCION
Fecha y hora de la última transacción 20230915233559.0
008 - CODIGOS DE INFORMACION DE LONGITUD FIJA
Códigos de información de longitud fija 170602s2017 ck a gr 000 m spa
020 ## - NUMERO INTERNACIONAL NORMALIZADO PARA LIBROS
Número Internacional Normalizado para Libros (ISBN) 9789585624405 (volumen 2)
020 ## - NUMERO INTERNACIONAL NORMALIZADO PARA LIBROS
Número Internacional Normalizado para Libros (ISBN) 9789585624412 (volumen 17)
020 ## - NUMERO INTERNACIONAL NORMALIZADO PARA LIBROS
Número Internacional Normalizado para Libros (ISBN) 9789585624429 (volumen 3)
020 ## - NUMERO INTERNACIONAL NORMALIZADO PARA LIBROS
Número Internacional Normalizado para Libros (ISBN) 9789585624436 (volumen 4)
020 ## - NUMERO INTERNACIONAL NORMALIZADO PARA LIBROS
Número Internacional Normalizado para Libros (ISBN) 9789585624443 (volumen 6)
020 ## - NUMERO INTERNACIONAL NORMALIZADO PARA LIBROS
Número Internacional Normalizado para Libros (ISBN) 9789585624450 (volumen 5)
020 ## - NUMERO INTERNACIONAL NORMALIZADO PARA LIBROS
Número Internacional Normalizado para Libros (ISBN) 9789585624467 (volumen 14)
020 ## - NUMERO INTERNACIONAL NORMALIZADO PARA LIBROS
Número Internacional Normalizado para Libros (ISBN) 9789585624474 (volumen 7)
020 ## - NUMERO INTERNACIONAL NORMALIZADO PARA LIBROS
Número Internacional Normalizado para Libros (ISBN) 9789585624481 (volumen 8)
020 ## - NUMERO INTERNACIONAL NORMALIZADO PARA LIBROS
Número Internacional Normalizado para Libros (ISBN) 9789585624498 (volumen 9)
020 ## - NUMERO INTERNACIONAL NORMALIZADO PARA LIBROS
Número Internacional Normalizado para Libros (ISBN) 9789585624504 (volumen 10)
020 ## - NUMERO INTERNACIONAL NORMALIZADO PARA LIBROS
Número Internacional Normalizado para Libros (ISBN) 9789585624511 (volumen 11)
020 ## - NUMERO INTERNACIONAL NORMALIZADO PARA LIBROS
Número Internacional Normalizado para Libros (ISBN) 9789585624528 (volumen 12)
020 ## - NUMERO INTERNACIONAL NORMALIZADO PARA LIBROS
Número Internacional Normalizado para Libros (ISBN) 9789585624535 (volumen 13)
020 ## - NUMERO INTERNACIONAL NORMALIZADO PARA LIBROS
Número Internacional Normalizado para Libros (ISBN) 9789585624542 (volumen 15)
020 ## - NUMERO INTERNACIONAL NORMALIZADO PARA LIBROS
Número Internacional Normalizado para Libros (ISBN) 9789585624559 (volumen 16)
020 ## - NUMERO INTERNACIONAL NORMALIZADO PARA LIBROS
Número Internacional Normalizado para Libros (ISBN) 9789585624566 (volumen 18)
020 ## - NUMERO INTERNACIONAL NORMALIZADO PARA LIBROS
Número Internacional Normalizado para Libros (ISBN) 9789585624573 (volumen 19)
020 ## - NUMERO INTERNACIONAL NORMALIZADO PARA LIBROS
Número Internacional Normalizado para Libros (ISBN) 9789585624580 (volumen 20)
020 ## - NUMERO INTERNACIONAL NORMALIZADO PARA LIBROS
Número Internacional Normalizado para Libros (ISBN) 9789585624597 (volumen 21)
020 ## - NUMERO INTERNACIONAL NORMALIZADO PARA LIBROS
Número Internacional Normalizado para Libros (ISBN) 9789585624603 (volumen 22)
020 ## - NUMERO INTERNACIONAL NORMALIZADO PARA LIBROS
Número Internacional Normalizado para Libros (ISBN) 9789585624610 (volumen 23)
020 ## - NUMERO INTERNACIONAL NORMALIZADO PARA LIBROS
Número Internacional Normalizado para Libros (ISBN) 9789585624627 (volumen 24)
020 ## - NUMERO INTERNACIONAL NORMALIZADO PARA LIBROS
Número Internacional Normalizado para Libros (ISBN) 9789585624634 (volumen 1)
020 ## - NUMERO INTERNACIONAL NORMALIZADO PARA LIBROS
Número Internacional Normalizado para Libros (ISBN) 9789585763692 (colección)
040 ## - FUENTE DE LA CATALOGACION
Centro catalogador de origen CO-ViMGA
Lengua de catalogación spa
Centro transcriptor CO-ViMGA
082 04 - NUMERO DE LA CLASIFICACION DECIMAL DEWEY
Número de clasificación (R) Co868.5
Número del ítem M14m
245 10 - TITULO PROPIAMENTE DICHO
Título Maletín de relatos pacíficos
Mención de responsabilidad, etc. coordinación editorial y creativa, Juan Álvarez, Juan Cárdenas, Elizabeth Valenzuela
250 ## - MENCION DE EDICION
Mención de edición Primera edición
300 ## - DESCRIPCION FISICA
Extensión 24 volúmenes;
Otras características físicas ilustraciones en blanco y negro
505 ## - NOTA DE CONTENIDO CON FORMATO
Nota de contenido con formato v.2 Memoria de guerreros / Alicia Castillo -- v.3 A falta de un animal / Carlos Rodríguez -- La convención mundial / Carlos Hurtado -- v.5 Don Juan el brujo / Dayana Zapata -- Ruta de escape / Giuseppe Ramírez -- Tafaris / Ivonne M. Rojas -- Juan Evaristo y la Mancha Negra sobre el río Mira / Jaime Rivas -- La justiciera danza de los árboles / Jairo Anaxarco -- v.10 El monte arrullador / José Mosquera -- Kilele / Juan Sebastián Mina -- v.12 Cumbe / Juana Amalkte -- v.13 Nato y su abuelo Natelo / Leo Ángel Rodríguez --v.14 Al vaivén de las mareas / Marcela Cuero -- v.15 La peste / Mario Alberto Dulcey -- v.16 Territorio en emergencia / Melkin Palacios -- El mareño y la pulpera / Pilar Madrid -- v.18 Patianga / Rakel Rengifo -- v.19 Resistencia Pacífico / Santiago Cruz -- v.20 Maldita maravilla / Sintia Angulo -- v.21 Bajo el yarumo / Velia Vidal -- Metiéndole el agua al coco / Víctor Manuel Rengifo -- v.23 Renacimientos / Yair André Cuenú Mosquera -- v.24 Mi abuela rita / Yijhan Rentería Salazar
650 14 - PUNTO DE ACCESO ADICIONAL DE MATERIA - TERMINO DE MATERIA
Término de materia o nombre geográfico como elemento inicial Cuentos colombianos-siglo xxl
Subdivisión de forma colecciones
650 14 - PUNTO DE ACCESO ADICIONAL DE MATERIA - TERMINO DE MATERIA
Término de materia o nombre geográfico como elemento inicial Literatura colombiana-siglo xxl
Subdivisión de forma colecciones
650 14 - PUNTO DE ACCESO ADICIONAL DE MATERIA - TERMINO DE MATERIA
Término de materia o nombre geográfico como elemento inicial Novela colombiana-xxl
Subdivisión de forma colecciones
650 14 - PUNTO DE ACCESO ADICIONAL DE MATERIA - TERMINO DE MATERIA
Término de materia o nombre geográfico como elemento inicial Poesía colombiana-xxl
Subdivisión de forma colecciones
700 1# - PUNTO DE ACCESO ADICIONAL - NOMBRE DE PERSONA
Nombre de persona Álvarez, Juan
700 1# - PUNTO DE ACCESO ADICIONAL - NOMBRE DE PERSONA
Nombre de persona Angulo, Sintia
700 1# - PUNTO DE ACCESO ADICIONAL - NOMBRE DE PERSONA
Nombre de persona Cárdenas, Juan
700 1# - PUNTO DE ACCESO ADICIONAL - NOMBRE DE PERSONA
Nombre de persona Castillo Lasprilla, Alicia
700 1# - PUNTO DE ACCESO ADICIONAL - NOMBRE DE PERSONA
Nombre de persona Cruz Hoyos, Santiago
700 1# - PUNTO DE ACCESO ADICIONAL - NOMBRE DE PERSONA
Nombre de persona Cuenú Mosquera, Yaír André
700 1# - PUNTO DE ACCESO ADICIONAL - NOMBRE DE PERSONA
Nombre de persona Cuero Rodríguez, Marcela
700 1# - PUNTO DE ACCESO ADICIONAL - NOMBRE DE PERSONA
Nombre de persona Dulcey, Mario Alberto
700 1# - PUNTO DE ACCESO ADICIONAL - NOMBRE DE PERSONA
Nombre de persona Hurtado, Carlos Andrés
700 1# - PUNTO DE ACCESO ADICIONAL - NOMBRE DE PERSONA
Nombre de persona Madrid, Pilar
700 1# - PUNTO DE ACCESO ADICIONAL - NOMBRE DE PERSONA
Nombre de persona Maldek, Juana
700 1# - PUNTO DE ACCESO ADICIONAL - NOMBRE DE PERSONA
Nombre de persona Mina, Juan Sebastián
700 1# - PUNTO DE ACCESO ADICIONAL - NOMBRE DE PERSONA
Nombre de persona Mosquera R. José L.
700 1# - PUNTO DE ACCESO ADICIONAL - NOMBRE DE PERSONA
Nombre de persona Ortíz Lemos, Jairo Anaxarco
700 1# - PUNTO DE ACCESO ADICIONAL - NOMBRE DE PERSONA
Nombre de persona Palacios, Melkin
700 1# - PUNTO DE ACCESO ADICIONAL - NOMBRE DE PERSONA
Nombre de persona Ramírez, Giuseppe
700 1# - PUNTO DE ACCESO ADICIONAL - NOMBRE DE PERSONA
Nombre de persona Rengifo Rengifo, Rakel
700 1# - PUNTO DE ACCESO ADICIONAL - NOMBRE DE PERSONA
Nombre de persona Rengifo, Víctor Manuel
700 1# - PUNTO DE ACCESO ADICIONAL - NOMBRE DE PERSONA
Nombre de persona Rentería Salazar, Yijhan
700 1# - PUNTO DE ACCESO ADICIONAL - NOMBRE DE PERSONA
Nombre de persona Rivas Díaz, Jaime
700 1# - PUNTO DE ACCESO ADICIONAL - NOMBRE DE PERSONA
Nombre de persona Rodríguez Cortés, Leo Ángel
700 1# - PUNTO DE ACCESO ADICIONAL - NOMBRE DE PERSONA
Nombre de persona Rodríguez, Carlos
700 1# - PUNTO DE ACCESO ADICIONAL - NOMBRE DE PERSONA
Nombre de persona Rojas, Ivonne M.
700 1# - PUNTO DE ACCESO ADICIONAL - NOMBRE DE PERSONA
Nombre de persona Valenzuela, Elizabeth
700 1# - PUNTO DE ACCESO ADICIONAL - NOMBRE DE PERSONA
Nombre de persona Vidal, Velia
700 1# - PUNTO DE ACCESO ADICIONAL - NOMBRE DE PERSONA
Nombre de persona Zapata Flórez, Dayana
942 ## - ENTRADA DE ELEMENTOS AGREGADOS (KOHA)
Fuente de clasificaión o esquema Dewey Decimal Classification
Koha [por defecto] tipo de item LIbro
Existencias
Perdido Fuente de clasificación o esquema Estado Físico No para préstamo Forma de adquisición Localización permanente Localización actual Localización en estanterías Fecha adquisición Préstamos totales Signatura completa Código de barras Fecha última consulta Número de copia Fecha del precio de reemplazo Tipo de item de Koha Coste, precio normal de compra Serie de enumeración / cronolog&íacute;a Note pública Fecha último préstamo
  Dewey Decimal Classification     Colección General Biblioteca Pública Cubarral Biblioteca Pública Cubarral General 08/11/2023   Co868.5 M14m CUB03007 08/11/2023 Ej.1 08/11/2023 Libro Literatura        
  Dewey Decimal Classification     Colección General Biblioteca Pública Dorado Biblioteca Pública Dorado General 04/24/2023   Co868.5 M14m DOR02881 04/24/2023 Ej.1 04/24/2023 Libro Literatura        
  Dewey Decimal Classification     Colección General Biblioteca Pública Fuentedeoro - Henry Llanos García Biblioteca Pública Fuentedeoro - Henry Llanos García General 06/06/2023   Co868.5 M14m Fo00001051 06/06/2023 Ej.1 06/06/2023 Libro Literatura        
  Dewey Decimal Classification     Colección General Biblioteca Pública Lejanias Biblioteca Pública Lejanias General 02/04/2026   Co868.5 M14m LEJ02071 02/04/2026 Ej.1 02/04/2026 LIbro        
  Dewey Decimal Classification     Colección General Biblioteca Pública Puerto López - Jorge Eliecer Gaitán Biblioteca Pública Puerto López - Jorge Eliecer Gaitán General 10/20/2025   Co868.5 M14m PLZ03350 10/20/2025 Ej.1 10/20/2025 LIbro        
  Dewey Decimal Classification     Colección General Biblioteca Pública El Castillo - Alfonso Meneses Biblioteca Pública El Castillo - Alfonso Meneses Literatura hispanoamericana 09/21/2023   Co868.5 M14m EC02920 09/21/2023 Ej.4 09/21/2023 LIbro        
  Dewey Decimal Classification     Colección General Biblioteca Pública El Castillo - Alfonso Meneses Biblioteca Pública El Castillo - Alfonso Meneses Literatura hispanoamericana 09/21/2023   Co868.5 M14m EC02921 09/21/2023 Ej.11 09/21/2023 LIbro        
  Dewey Decimal Classification     Colección General Biblioteca Pública El Castillo - Alfonso Meneses Biblioteca Pública El Castillo - Alfonso Meneses Literatura hispanoamericana 09/21/2023   Co868.5 M14m EC02922 09/21/2023 Ej.1 09/21/2023 LIbro        
  Dewey Decimal Classification     Colección General Biblioteca Pública El Castillo - Alfonso Meneses Biblioteca Pública El Castillo - Alfonso Meneses Literatura hispanoamericana 09/21/2023   Co868.5 M14m EC02923 09/21/2023 Ej.3 09/21/2023 LIbro        
  Dewey Decimal Classification     Colección General Biblioteca Pública El Castillo - Alfonso Meneses Biblioteca Pública El Castillo - Alfonso Meneses Literatura hispanoamericana 09/21/2023   Co868.5 M14m EC02924 09/21/2023 Ej.2 09/21/2023 LIbro        
  Dewey Decimal Classification     Colección General Biblioteca Pública El Castillo - Alfonso Meneses Biblioteca Pública El Castillo - Alfonso Meneses Literatura hispanoamericana 09/21/2023   Co868.5 M14m EC02925 09/21/2023 Ej.16 09/21/2023 LIbro        
  Dewey Decimal Classification     Colección General Biblioteca Pública El Castillo - Alfonso Meneses Biblioteca Pública El Castillo - Alfonso Meneses Literatura hispanoamericana 09/21/2023   Co868.5 M14m EC02926 09/21/2023 Ej.20 09/21/2023 LIbro        
  Dewey Decimal Classification     Colección General Biblioteca Pública El Castillo - Alfonso Meneses Biblioteca Pública El Castillo - Alfonso Meneses Literatura hispanoamericana 09/21/2023   Co868.5 M14m EC02927 09/21/2023 Ej.13 09/21/2023 LIbro        
  Dewey Decimal Classification     Colección General Biblioteca Pública El Castillo - Alfonso Meneses Biblioteca Pública El Castillo - Alfonso Meneses Literatura hispanoamericana 09/21/2023   Co868.5 M14m EC02928 09/21/2023 Ej.14 09/21/2023 LIbro        
  Dewey Decimal Classification     Colección General Biblioteca Pública El Castillo - Alfonso Meneses Biblioteca Pública El Castillo - Alfonso Meneses Literatura hispanoamericana 09/21/2023   Co868.5 M14m EC02929 09/21/2023 Ej.17 09/21/2023 LIbro        
  Dewey Decimal Classification     Colección General Biblioteca Pública El Castillo - Alfonso Meneses Biblioteca Pública El Castillo - Alfonso Meneses Literatura hispanoamericana 09/21/2023   Co868.5 M14m EC02930 09/21/2023 Ej.18 09/21/2023 LIbro        
  Dewey Decimal Classification     Colección General Biblioteca Pública El Castillo - Alfonso Meneses Biblioteca Pública El Castillo - Alfonso Meneses Literatura hispanoamericana 09/21/2023   Co868.5 M14m EC02931 09/21/2023 Ej.19 09/21/2023 LIbro        
  Dewey Decimal Classification     Colección General Biblioteca Pública El Castillo - Alfonso Meneses Biblioteca Pública El Castillo - Alfonso Meneses Literatura hispanoamericana 09/21/2023   Co868.5 M14m EC02932 09/21/2023 Ej.21 09/21/2023 LIbro        
  Dewey Decimal Classification     Colección General Biblioteca Pública El Castillo - Alfonso Meneses Biblioteca Pública El Castillo - Alfonso Meneses Literatura hispanoamericana 09/25/2023   Co868.5 M14m EC02933 09/25/2023 Ej.6 09/25/2023 LIbro        
  Dewey Decimal Classification     Colección General Biblioteca Pública El Castillo - Alfonso Meneses Biblioteca Pública El Castillo - Alfonso Meneses Literatura hispanoamericana 09/25/2023   Co868.5 M14m EC02934 09/25/2023 Ej.10 09/25/2023 LIbro        
  Dewey Decimal Classification     Colección General Biblioteca Pública El Castillo - Alfonso Meneses Biblioteca Pública El Castillo - Alfonso Meneses Literatura hispanoamericana 09/25/2023   Co868.5 M14m EC02935 09/25/2023 Ej.15 09/25/2023 LIbro        
  Dewey Decimal Classification     Colección General Biblioteca Pública El Castillo - Alfonso Meneses Biblioteca Pública El Castillo - Alfonso Meneses Literatura hispanoamericana 09/25/2023   Co868.5 M14m EC02936 09/25/2023 Ej.7 09/25/2023 LIbro        
  Dewey Decimal Classification     Colección General Biblioteca Pública El Castillo - Alfonso Meneses Biblioteca Pública El Castillo - Alfonso Meneses Literatura hispanoamericana 09/25/2023   Co868.5 M14m EC02937 09/25/2023 Ej.9 09/25/2023 LIbro        
  Dewey Decimal Classification     Colección General Biblioteca Pública El Castillo - Alfonso Meneses Biblioteca Pública El Castillo - Alfonso Meneses Literatura hispanoamericana 09/25/2023   Co868.5 M14m EC02938 09/25/2023 Ej.8 09/25/2023 LIbro        
  Dewey Decimal Classification     Colección General Biblioteca Pública El Castillo - Alfonso Meneses Biblioteca Pública El Castillo - Alfonso Meneses Literatura hispanoamericana 09/25/2023   Co868.5 M14m EC02939 09/25/2023 Ej.5 09/25/2023 LIbro        
  Dewey Decimal Classification     Colección General Biblioteca Pública El Castillo - Alfonso Meneses Biblioteca Pública El Castillo - Alfonso Meneses Literatura hispanoamericana 09/25/2023   Co868.5 M14m EC02940 09/25/2023 Ej.22 09/25/2023 LIbro        
  Dewey Decimal Classification     Colección General Biblioteca Pública El Castillo - Alfonso Meneses Biblioteca Pública El Castillo - Alfonso Meneses Literatura hispanoamericana 09/25/2023   Co868.5 M14m EC02941 09/25/2023 Ej.23 09/25/2023 LIbro        
  Dewey Decimal Classification     Colección General Biblioteca Pública El Castillo - Alfonso Meneses Biblioteca Pública El Castillo - Alfonso Meneses Literatura hispanoamericana 09/25/2023   Co868.5 M14m EC02942 09/25/2023 Ej.24 09/25/2023 LIbro        
  Dewey Decimal Classification     Colección General Biblioteca Pública El Castillo - Alfonso Meneses Biblioteca Pública El Castillo - Alfonso Meneses Literatura hispanoamericana 09/25/2023   Co868.5 M14m EC02943 09/25/2023 Ej.12 09/25/2023 LIbro        
        Sala General Biblioteca Pública Departamental Eduardo Carranza - Villavicencio Biblioteca Pública Departamental Eduardo Carranza - Villavicencio General 02/03/2018   Co868.5 M14m ECA26553 11/26/2024 Ej.1 11/26/2024 LIbro   Vol.24 19869 | 25595  
        Sala General Biblioteca Pública Departamental Eduardo Carranza - Villavicencio Biblioteca Pública Departamental Eduardo Carranza - Villavicencio General 02/03/2018   Co868.5 M14m ECA26529 11/26/2024 Ej.1 11/26/2024 LIbro   Vol.1 19869 | 25572  
        Sala General Biblioteca Pública Departamental Eduardo Carranza - Villavicencio Biblioteca Pública Departamental Eduardo Carranza - Villavicencio General 02/03/2018   Co868.5 M14m ECA26530 11/26/2024 Ej.1 11/26/2024 LIbro   Vol.2 19869 | 25573  
        Sala General Biblioteca Pública Departamental Eduardo Carranza - Villavicencio Biblioteca Pública Departamental Eduardo Carranza - Villavicencio General 02/03/2018   Co868.5 M14m ECA26531 11/26/2024 Ej.1 11/26/2024 LIbro   Vol.3 19869 | 25574  
        Sala General Biblioteca Pública Departamental Eduardo Carranza - Villavicencio Biblioteca Pública Departamental Eduardo Carranza - Villavicencio General 02/03/2018   Co868.5 M14m ECA26532 11/26/2024 Ej.1 11/26/2024 LIbro   Vol.4 19869 | 25575  
        Sala General Biblioteca Pública Departamental Eduardo Carranza - Villavicencio Biblioteca Pública Departamental Eduardo Carranza - Villavicencio General 02/03/2018   Co868.5 M14m ECA26533 11/26/2024 Ej.1 11/26/2024 LIbro   Vol.5 19869 | 25576  
        Sala General Biblioteca Pública Departamental Eduardo Carranza - Villavicencio Biblioteca Pública Departamental Eduardo Carranza - Villavicencio General 02/03/2018 1 Co868.5 M14m ECA26534 05/04/2026 Ej.1 11/26/2024 LIbro   Vol.6 19869 | 25577 05/04/2026
        Sala General Biblioteca Pública Departamental Eduardo Carranza - Villavicencio Biblioteca Pública Departamental Eduardo Carranza - Villavicencio General 02/03/2018   Co868.5 M14m ECA26536 11/26/2024 Ej.1 11/26/2024 LIbro   Vol.7 19869 | 25578  
        Sala General Biblioteca Pública Departamental Eduardo Carranza - Villavicencio Biblioteca Pública Departamental Eduardo Carranza - Villavicencio General 02/03/2018   Co868.5 M14m ECA26537 11/26/2024 Ej.1 11/26/2024 LIbro   Vol.8 19869 | 25579  
        Sala General Biblioteca Pública Departamental Eduardo Carranza - Villavicencio Biblioteca Pública Departamental Eduardo Carranza - Villavicencio General 02/03/2018   Co868.5 M14m ECA26538 11/26/2024 Ej.1 11/26/2024 LIbro   Vol.9 19869 | 25580  
        Sala General Biblioteca Pública Departamental Eduardo Carranza - Villavicencio Biblioteca Pública Departamental Eduardo Carranza - Villavicencio General 02/03/2018   Co868.5 M14m ECA26539 11/26/2024 Ej.1 11/26/2024 LIbro   Vol.10 19869 | 25581  
        Sala General Biblioteca Pública Departamental Eduardo Carranza - Villavicencio Biblioteca Pública Departamental Eduardo Carranza - Villavicencio General 02/03/2018   Co868.5 M14m ECA26540 11/26/2024 Ej.1 11/26/2024 LIbro   Vol.11 19869 | 25582  
        Sala General Biblioteca Pública Departamental Eduardo Carranza - Villavicencio Biblioteca Pública Departamental Eduardo Carranza - Villavicencio General 02/03/2018   Co868.5 M14m ECA26541 11/26/2024 Ej.1 11/26/2024 LIbro   Vol.12 19869 | 25583  
        Sala General Biblioteca Pública Departamental Eduardo Carranza - Villavicencio Biblioteca Pública Departamental Eduardo Carranza - Villavicencio General 02/03/2018   Co868.5 M14m ECA26542 11/26/2024 Ej.1 11/26/2024 LIbro   Vol.13 19869 | 25584  
        Sala General Biblioteca Pública Departamental Eduardo Carranza - Villavicencio Biblioteca Pública Departamental Eduardo Carranza - Villavicencio General 02/03/2018   Co868.5 M14m ECA26543 11/26/2024 Ej.1 11/26/2024 LIbro   Vol.14 19869 | 25585  
        Sala General Biblioteca Pública Departamental Eduardo Carranza - Villavicencio Biblioteca Pública Departamental Eduardo Carranza - Villavicencio General 02/03/2018   Co868.5 M14m ECA26544 11/26/2024 Ej.1 11/26/2024 LIbro   Vol.15 19869 | 25586  
        Sala General Biblioteca Pública Departamental Eduardo Carranza - Villavicencio Biblioteca Pública Departamental Eduardo Carranza - Villavicencio General 02/03/2018   Co868.5 M14m ECA26545 11/26/2024 Ej.1 11/26/2024 LIbro   Vol.16 19869 | 25587  
        Sala General Biblioteca Pública Departamental Eduardo Carranza - Villavicencio Biblioteca Pública Departamental Eduardo Carranza - Villavicencio General 02/03/2018   Co868.5 M14m ECA26546 11/26/2024 Ej.1 11/26/2024 LIbro   Vol.17 19869 | 25588  
        Sala General Biblioteca Pública Departamental Eduardo Carranza - Villavicencio Biblioteca Pública Departamental Eduardo Carranza - Villavicencio General 02/03/2018   Co868.5 M14m ECA26547 11/26/2024 Ej.1 11/26/2024 LIbro   Vol.18 19869 | 25589  
        Sala General Biblioteca Pública Departamental Eduardo Carranza - Villavicencio Biblioteca Pública Departamental Eduardo Carranza - Villavicencio General 02/03/2018   Co868.5 M14m ECA26548 11/26/2024 Ej.1 11/26/2024 LIbro   Vol.19 19869 | 25590  
        Sala General Biblioteca Pública Departamental Eduardo Carranza - Villavicencio Biblioteca Pública Departamental Eduardo Carranza - Villavicencio General 02/03/2018   Co868.5 M14m ECA26549 11/26/2024 Ej.1 11/26/2024 LIbro   Vol.20 19869 | 25591  
        Sala General Biblioteca Pública Departamental Eduardo Carranza - Villavicencio Biblioteca Pública Departamental Eduardo Carranza - Villavicencio General 02/03/2018   Co868.5 M14m ECA26550 11/26/2024 Ej.1 11/26/2024 LIbro   Vol.21 19869 | 25592  
        Sala General Biblioteca Pública Departamental Eduardo Carranza - Villavicencio Biblioteca Pública Departamental Eduardo Carranza - Villavicencio General 02/03/2018   Co868.5 M14m ECA26551 11/26/2024 Ej.1 11/26/2024 LIbro   Vol.22 19869 | 25593  
        Sala General Biblioteca Pública Departamental Eduardo Carranza - Villavicencio Biblioteca Pública Departamental Eduardo Carranza - Villavicencio General 02/03/2018   Co868.5 M14m ECA26552 11/26/2024 Ej.1 11/26/2024 LIbro   Vol.23 19869 | 25594  
  Dewey Decimal Classification     Sala General Segundo Piso Biblioteca Pública Germán Arciniegas - Villavicencio Biblioteca Pública Germán Arciniegas - Villavicencio   04/11/2018   Co868.5 M14m 331206 04/11/2018 1 04/11/2018 LIbro 89538.00 18    
  Dewey Decimal Classification     Sala General Segundo Piso Biblioteca Pública Germán Arciniegas - Villavicencio Biblioteca Pública Germán Arciniegas - Villavicencio   04/11/2018   Co868.5 M14m 331321 04/11/2018 1 04/11/2018 LIbro 89538.00 9    
  Dewey Decimal Classification     Sala General Segundo Piso Biblioteca Pública Germán Arciniegas - Villavicencio Biblioteca Pública Germán Arciniegas - Villavicencio   04/11/2018   Co868.5 M14m 331207 04/11/2018 1 04/11/2018 LIbro 89538.00 19    
  Dewey Decimal Classification     Sala General Segundo Piso Biblioteca Pública Germán Arciniegas - Villavicencio Biblioteca Pública Germán Arciniegas - Villavicencio   04/11/2018   Co868.5 M14m 331325 04/11/2018 1 04/11/2018 LIbro 89538.00 8    
  Dewey Decimal Classification     Sala General Segundo Piso Biblioteca Pública Germán Arciniegas - Villavicencio Biblioteca Pública Germán Arciniegas - Villavicencio   04/11/2018   Co868.5 M14m 331326 04/11/2018 1 04/11/2018 LIbro 89538.00 4    
  Dewey Decimal Classification     Sala General Segundo Piso Biblioteca Pública Germán Arciniegas - Villavicencio Biblioteca Pública Germán Arciniegas - Villavicencio   04/11/2018   Co868.5 M14m 331208 04/11/2018 1 04/11/2018 LIbro 89538.00 21    
  Dewey Decimal Classification     Sala General Segundo Piso Biblioteca Pública Germán Arciniegas - Villavicencio Biblioteca Pública Germán Arciniegas - Villavicencio   04/11/2018   Co868.5 M14m 331327 05/14/2019 1 04/11/2018 LIbro 89538.00 7    
  Dewey Decimal Classification     Sala General Segundo Piso Biblioteca Pública Germán Arciniegas - Villavicencio Biblioteca Pública Germán Arciniegas - Villavicencio   04/11/2018   Co868.5 M14m 331209 04/11/2018 1 04/11/2018 LIbro 89538.00 22    
  Dewey Decimal Classification     Sala General Segundo Piso Biblioteca Pública Germán Arciniegas - Villavicencio Biblioteca Pública Germán Arciniegas - Villavicencio   04/11/2018   Co868.5 M14m 331210 04/11/2018 1 04/11/2018 LIbro 89538.00 23    
  Dewey Decimal Classification     Sala General Segundo Piso Biblioteca Pública Germán Arciniegas - Villavicencio Biblioteca Pública Germán Arciniegas - Villavicencio   04/11/2018   Co868.5 M14m 331211 04/11/2018 1 04/11/2018 LIbro 89538.00 24    
  Dewey Decimal Classification     Sala General Segundo Piso Biblioteca Pública Germán Arciniegas - Villavicencio Biblioteca Pública Germán Arciniegas - Villavicencio   04/11/2018   Co868.5 M14m 331328 04/11/2018 1 04/11/2018 LIbro 89538.00 6    
  Dewey Decimal Classification     Sala General Segundo Piso Biblioteca Pública Germán Arciniegas - Villavicencio Biblioteca Pública Germán Arciniegas - Villavicencio   04/11/2018   Co868.5 M14m 331212 04/11/2018 1 04/11/2018 LIbro 89538.00 12    
  Dewey Decimal Classification     Sala General Segundo Piso Biblioteca Pública Germán Arciniegas - Villavicencio Biblioteca Pública Germán Arciniegas - Villavicencio   04/11/2018   Co868.5 M14m 331213 04/11/2018 1 04/11/2018 LIbro 89538.00 10    
  Dewey Decimal Classification     Sala General Segundo Piso Biblioteca Pública Germán Arciniegas - Villavicencio Biblioteca Pública Germán Arciniegas - Villavicencio   04/11/2018   Co868.5 M14m 331329 04/11/2018 1 04/11/2018 LIbro 89538.00 15    
  Dewey Decimal Classification     Sala General Segundo Piso Biblioteca Pública Germán Arciniegas - Villavicencio Biblioteca Pública Germán Arciniegas - Villavicencio   04/11/2018   Co868.5 M14m 331330 04/11/2018 1 04/11/2018 LIbro 89538.00 11    
  Dewey Decimal Classification     Sala General Segundo Piso Biblioteca Pública Germán Arciniegas - Villavicencio Biblioteca Pública Germán Arciniegas - Villavicencio   04/11/2018   Co868.5 M14m 331214 04/11/2018 1 04/11/2018 LIbro 89538.00 5    
  Dewey Decimal Classification     Sala General Segundo Piso Biblioteca Pública Germán Arciniegas - Villavicencio Biblioteca Pública Germán Arciniegas - Villavicencio   04/11/2018   Co868.5 M14m 331331 04/11/2018 1 04/11/2018 LIbro 89538.00 1    
  Dewey Decimal Classification     Sala General Segundo Piso Biblioteca Pública Germán Arciniegas - Villavicencio Biblioteca Pública Germán Arciniegas - Villavicencio   04/11/2018   Co868.5 M14m 331215 04/11/2018 1 04/11/2018 LIbro 89538.00 3    
  Dewey Decimal Classification     Sala General Segundo Piso Biblioteca Pública Germán Arciniegas - Villavicencio Biblioteca Pública Germán Arciniegas - Villavicencio   04/11/2018   Co868.5 M14m 331332 04/11/2018 1 04/11/2018 LIbro 89538.00 14    
  Dewey Decimal Classification     Sala General Segundo Piso Biblioteca Pública Germán Arciniegas - Villavicencio Biblioteca Pública Germán Arciniegas - Villavicencio   04/11/2018   Co868.5 M14m 331216 04/11/2018 1 04/11/2018 LIbro 89538.00 2    
  Dewey Decimal Classification     Sala General Segundo Piso Biblioteca Pública Germán Arciniegas - Villavicencio Biblioteca Pública Germán Arciniegas - Villavicencio   04/11/2018   Co868.5 M14m 331217 04/11/2018 1 04/11/2018 LIbro 89538.00 16    
  Dewey Decimal Classification     Sala General Segundo Piso Biblioteca Pública Germán Arciniegas - Villavicencio Biblioteca Pública Germán Arciniegas - Villavicencio   04/11/2018   Co868.5 M14m 331333 04/11/2018 1 04/11/2018 LIbro 89538.00 17    
  Dewey Decimal Classification     Sala General Segundo Piso Biblioteca Pública Germán Arciniegas - Villavicencio Biblioteca Pública Germán Arciniegas - Villavicencio   04/11/2018   Co868.5 M14m 331218 04/11/2018 1 04/11/2018 LIbro 89538.00 20    
  Dewey Decimal Classification     Sala General Segundo Piso Biblioteca Pública Germán Arciniegas - Villavicencio Biblioteca Pública Germán Arciniegas - Villavicencio   04/11/2018   Co868.5 M14m 331219 04/11/2018 1 04/11/2018 LIbro 89538.00 13    
  Dewey Decimal Classification     Colección General Biblioteca Pública Guamal Biblioteca Pública Guamal General 04/14/2023   Co868.5 M14m GUA003141 04/14/2023 Ej.1 04/14/2023 Libro Literatura        
  Dewey Decimal Classification     Colección General Biblioteca Pública Mapiripan Biblioteca Pública Mapiripan   01/09/2024   Co868.5 M14m MAP00001067 01/09/2024 Ej.1 01/09/2024 LIbro        
  Dewey Decimal Classification     Colección General Biblioteca Pública Uribe - Reinerio Arenas Biblioteca Pública Uribe - Reinerio Arenas General 08/20/2024   Co868.5 M14m URI01161 08/20/2024 Ej.1 08/20/2024 LIbro        









Instituto Departamental de Cultura del Meta - Red Departamental de Bibliotecas Públicas del Meta.